[Event "European Blitz 2017"]
[Site "Katowice POL"]
[Date "2017.12.15"]
[Round "6.61"]
[White "Swicarz, Maciej"]
[Black "Kanarek, Marcel"]
[Result "0-1"]
[BlackTitle "GM"]
[WhiteElo "2378"]
[BlackElo "2505"]
[WhiteFideId "1113585"]
[BlackFideId "1126822"]
[EventDate "2017.12.15"]
[EventType "blitz"]

1. e4 c5 2. Nf3 Nc6 3. d4 cxd4 4. Nxd4 g6 5. c4 Nf6 6. Nc3 d6 7. Be2 Nxd4 8.
Qxd4 Bg7 9. O-O O-O 10. Qd2 Be6 11. Rb1 a6 12. b3 Qa5 13. Nd5 Qxd2 14. Nxe7+ Kh8
15. Bxd2 Nxe4 16. Be3 Nc3 17. Rbe1 Rfe8 18. Nd5 Bxd5 19. cxd5 Nxa2 20. Bg4 f5
21. Bf3 Nb4 22. Rc1 Rac8 23. Bf4 Rxc1 24. Bxc1 Kg8 25. Ba3 Bc3 26. Bxb4 Bxb4 27.
Rc1 Bc5 28. Kf1 Kf7 29. Re1 Ra8 30. Rb1 Bb4 31. Rc1 Bc5 32. Rb1 a5 33. Be2 Kf6
34. Bc4 a4 35. bxa4 Rxa4 36. Bb3 Rd4 37. Ke2 Re4+ 38. Kf1 Rd4 39. Ke2 Re4+ 40.
Kf1 Rf4 41. f3 b5 42. Ke2 Rd4 43. Rd1 Rb4 44. Rb1 Rh4 45. h3 f4 46. Bc2 b4 47.
Be4 Rh5 48. Kd3 Rg5 49. Rb2 Re5 50. Kc4 Kg5 51. Kd3 Kh4 52. Ke2 Kg3 53. Kf1 Re7
54. Ra2 Rb7 55. Rb2 Ra7 56. Bb1 Ra3 57. Be4 Ra1+ 58. Bb1 Ra3 59. Bc2 Rc3 60. Bb1
Rc1+ 61. Ke2 Rg1 62. Kd3 Rxg2 63. Rxg2+ Kxg2 64. Ke4 Be3 65. h4 Kg3 66. h5 gxh5 0-1

[Event "European Blitz 2017"]
[Site "Katowice POL"]
[Date "2017.12.15"]
[Round "6.62"]
[White "Brodowski, Piotr"]
[Black "Mareckova, Martina"]
[Result "0-1"]
[WhiteTitle "IM"]
[BlackTitle "WFM"]
[WhiteElo "2430"]
[BlackElo "2132"]
[WhiteFideId "1124480"]
[BlackFideId "327930"]
[EventDate "2017.12.15"]
[EventType "swiss"]

1. c4 Nf6 2. g3 g6 3. Bg2 Bg7 4. Nc3 O-O 5. d3 d6 6. Bd2 e5 7. h4 Nc6 8. Rb1 a5
9. Nf3 h5 10. Ng5 Nd4 11. O-O c6 12. a3 Ne6 13. b4 axb4 14. axb4 d5 15. cxd5
Nxd5 16. Nce4 Nxg5 17. Bxg5 Qc7 18. Qc2 f5 19. Nd2 Qf7 20. Nc4 Be6 21. b5 Bf6
22. Bxf6 Qxf6 23. bxc6 bxc6 24. Rb7 Rf7 25. Qb2 Raf8 26. Rxf7 Rxf7 27. Qxe5 f4
28. Qxf6 Rxf6 29. Ra1 fxg3 30. fxg3 Nc3 31. Bf3 Bd5 32. Ne5 Re6 33. Ra8+ Kg7 34.
Ra7+ Kg8 35. Ra8+ Kg7 36. Ra7+ Kg8 37. d4 c5 38. Bxd5 Nxd5 39. Nf3 cxd4 40. Nxd4
Re4 41. Ra4 Nc3 42. Kf2 Nxa4 43. e3 Re8 44. Kf3 Nc5 45. Nc6 Ne4 46. Nd4 Kg7 47.
Kg2 Re7 48. Ne2 Nf6 49. Kf3 Ng4 50. e4 Ne5+ 51. Kg2 Kf6 52. Nf4 Ra7 53. Nd5+ Kg7
54. Nf4 Ra2+ 55. Kf1 Ng4 56. Nd5 Kf7 57. Nf4 Kf6 58. Nd5+ Ke5 59. Ke1 Kxe4 60.
Nc3+ Kf3 61. Nxa2 Kxg3 62. Nc3 Kxh4 63. Ne4 Kh3 64. Kf1 Ne3+ 65. Kf2 Nf5 66. Kf3
Nh4+ 67. Kf4 Kg2 68. Kg5 Nf3+ 69. Kxg6 h4 70. Nf6 h3 71. Ng4 Ne5+ 72. Nxe5 h2
73. Nd3 h1=Q 74. Nf4+ Kf3 75. Ne6 Qg1+ 76. Kf6 Ke4 77. Ng5+ Kd5 78. Kf5 Qf2+ 79.
Kg4 Ke5 80. Nf3+ 0-1

[Event "European Blitz 2017"]
[Site "Katowice POL"]
[Date "2017.12.15"]
[Round "6.63"]
[White "Styazhkina, Anna"]
[Black "Berchtenbreiter, Maximilian"]
[Result "0-1"]
[WhiteTitle "WIM"]
[BlackTitle "IM"]
[WhiteElo "2283"]
[BlackElo "2387"]
[WhiteFideId "24119300"]
[BlackFideId "24641120"]
[EventDate "2017.12.15"]
[EventType "blitz"]

1. e4 c6 2. d4 d5 3. e5 Bf5 4. Be2 e6 5. Nf3 Be7 6. O-O h5 7. Nbd2 g5 8. Ne1 Bg6
9. f4 gxf4 10. Ndf3 Nh6 11. Bxf4 Nf5 12. c3 c5 13. Qb3 Qb6 14. Qxb6 axb6 15.
Bb5+ Nc6 16. Nc2 Kf8 17. a4 h4 18. Ne3 Kg7 19. Rf2 cxd4 20. Nxf5+ Bxf5 21. Nxd4
Nxd4 22. cxd4 Rhc8 23. Raf1 Rc7 24. g4 Be4 25. Be3 Bd8 26. Be8 Bg6 27. h3 Rac8
28. Bb5 Rc2 29. Rxc2 Rxc2 30. Rf2 Rc7 31. Bd2 Be4 32. Bb4 Bg5 33. a5 Be3 34.
axb6 Rc2 0-1

[Event "European Blitz 2017"]
[Site "Katowice POL"]
[Date "2017.12.15"]
[Round "6.64"]
[White "Valsecchi, Alessio"]
[Black "Kukula, Pawel"]
[Result "1-0"]
[WhiteTitle "IM"]
[WhiteElo "2501"]
[BlackElo "2181"]
[WhiteFideId "818860"]
[BlackFideId "1115081"]
[EventDate "2017.12.15"]
[EventType "blitz"]

1. e4 c5 2. Nf3 Nc6 3. Bb5 e5 4. c3 Nge7 5. O-O Ng6 6. d4 cxd4 7. cxd4 exd4 8.
Nxd4 Bc5 9. Nf5 O-O 10. Nc3 d6 11. Kh1 Nce7 12. Ng3 f5 13. Bc4+ Kh8 14. f4 fxe4
15. Ncxe4 Nf5 16. Nxf5 Bxf5 17. Ng5 Qf6 18. Bd2 Bd4 19. Bb4 h6 20. Nf7+ Kh7 21.
Nxd6 Bxb2 22. Nxf5 Bxa1 23. Bxf8 Qxf5 24. Bd6 Bf6 25. Bd3 Qd7 26. Be5 Qf7 27.
Qb1 Rd8 28. h3 b6 29. Rf3 Rxd3 30. Qxd3 Bxe5 31. fxe5 Qxa2 32. Rg3 Qe6 33. h4 h5
34. Rg5 Kh6 35. Qf3 1-0

[Event "European Blitz 2017"]
[Site "Katowice POL"]
[Date "2017.12.15"]
[Round "6.66"]
[White "Djuric, Stefan"]
[Black "Klabis, Rokas"]
[Result "1-0"]
[WhiteTitle "GM"]
[BlackTitle "FM"]
[WhiteElo "2383"]
[BlackElo "2366"]
[WhiteFideId "900133"]
[BlackFideId "12805246"]
[EventDate "2017.12.15"]
[EventType "blitz"]

1. e4 e5 2. Nf3 Nc6 3. Bb5 Nge7 4. Bc4 Ng6 5. h4 d6 6. h5 Nf4 7. g3 Ne6 8. c3
Qf6 9. d3 h6 10. Nbd2 Bd7 11. b4 g5 12. Nh2 Be7 13. Ng4 Qg7 14. Ne3 Qf6 15. Nd5
Qg7 16. Nf1 Ncd8 17. Nfe3 Bf8 18. Nf5 1-0

[Event "European Blitz 2017"]
[Site "Katowice POL"]
[Date "2017.12.15"]
[Round "6.67"]
[White "Miezis, Normunds"]
[Black "Balint, Vilmos"]
[Result "1-0"]
[WhiteTitle "GM"]
[WhiteElo "2434"]
[BlackElo "2263"]
[WhiteFideId "11600136"]
[BlackFideId "718050"]
[EventDate "2017.12.15"]
[EventType "blitz"]

1. c4 c6 2. e4 d5 3. exd5 cxd5 4. cxd5 Nf6 5. Nc3 Nxd5 6. Nf3 Nc6 7. d4 Bg4 8.
Bb5 e6 9. h3 Bxf3 10. Qxf3 a6 11. Bxc6+ bxc6 12. O-O Rb8 13. Re1 Be7 14. Ne4 O-O
15. a3 Qb6 16. b4 Qxd4 17. Rb1 f5 18. Ng3 Qf6 19. Bb2 Qg6 20. Nh5 Rf7 21. Rbc1
c5 22. Nf4 Nxf4 23. Qxf4 Rff8 24. Qc4 Qf7 25. Rxe6 Bg5 26. f4 Bxf4 27. Re7 Qxc4
28. Rxg7+ Kh8 29. Rxc4 Be3+ 30. Kf1 Bd4 31. Bxd4 cxd4 32. Rcc7 Rf6 33. Rxh7+ Kg8
34. Rcg7+ Kf8 35. Rd7 Kg8 36. Rh4 a5 37. Rhxd4 axb4 38. axb4 Rfb6 39. Rf4 Rxb4
40. Rxf5 Rb2 41. Kg1 Re2 42. Kh2 Re6 43. Rg5+ Kf8 44. h4 Rb4 45. g3 Rb1 46. Ra5
Re2+ 47. Kh3 Rh1+ 48. Kg4 Re4+ 49. Kg5 Re8 50. h5 Rhe1 51. g4 Kg8 52. Raa7 R8e5+
53. Kh4 Rh1+ 54. Kg3 Re8 55. Rg7+ Kh8 56. Rh7+ Kg8 57. Rag7+ Kf8 58. Rh8+ Kxg7
59. Rxe8 Kh6 60. Re6+ Kh7 61. Kf4 Ra1 62. Re7+ Kh6 63. Re6+ Kh7 64. Kg5 Ra5+ 65.
Kh4 Ra4 66. h6 Ra1 67. Kh5 Rh1+ 68. Kg5 Ra1 69. Re7+ Kh8 70. Kh5 Ra5+ 71. g5 Rb5
72. Rd7 Ra5 73. Rc7 Rb5 74. Rd7 Rc5 75. Kg6 Rc6+ 76. Kf5 Rc5+ 77. Kf6 Rc6+ 78.
Kf7 Kh7 79. Kf8+ Kh8 80. Kf7 Kh7 81. Re7 Ra6 82. Kf8+ Kh8 83. Kf7 Kh7 84. Re6
Ra5 85. Kf6 Ra1 86. Re7+ Kh8 87. Re8+ Kh7 88. g6+ 1-0

[Event "European Blitz 2017"]
[Site "Katowice POL"]
[Date "2017.12.15"]
[Round "6.68"]
[White "Paprocki, Jaroslaw"]
[Black "Kreisl, Robert"]
[Result "0-1"]
[BlackTitle "IM"]
[WhiteElo "2184"]
[BlackElo "2440"]
[WhiteFideId "1122274"]
[BlackFideId "1613880"]
[EventDate "2017.12.15"]
[EventType "blitz"]

1. d4 g6 2. c4 Bg7 3. Nc3 c5 4. d5 d6 5. e4 e6 6. Nf3 exd5 7. cxd5 a6 8. a4 Bg4
9. Be2 Bxf3 10. Bxf3 Nf6 11. O-O O-O 12. Re1 Nbd7 13. h3 Re8 14. Bd2 Rc8 15. b3
Ne5 16. Be2 c4 17. b4 Nd3 18. Bxd3 cxd3 19. Ra3 b5 20. axb5 axb5 21. Qf3 Nd7 22.
Qxd3 Ne5 23. Qxb5 Nc4 24. Nb1 Nxa3 25. Nxa3 Qc7 26. Rc1 Qa7 27. Qd3 Rxc1+ 28.
Bxc1 Qd4 29. Qxd4 Bxd4 30. Nb5 Rxe4 31. Kf1 Be5 32. Bd2 Rd4 33. Ke2 Rxd5 34. Nc7
Rd4 35. b5 d5 36. Na6 Re4+ 37. Kd3 Ra4 38. f4 Bd6 39. g3 h5 40. h4 Kg7 41. Bc3+
Kf8 42. Be5 Ke7 43. Kc3 Ke6 44. Bxd6 Kxd6 45. Kb3 Ra1 46. Kb4 Rg1 47. b6 Kc6 48.
Nc7 Rb1+ 49. Kc3 Rxb6 50. Ne8 Kd7 51. Ng7 Ke7 52. Kd4 Rb8 53. f5 Kf6 54. fxg6
fxg6 55. Nxh5+ gxh5 56. Kxd5 Kf5 57. Kd4 Kg4 58. Ke4 Kxg3 59. Kf5 Kxh4 60. Kf4
Rf8+ 61. Ke5 Kg5 62. Ke6 Rf6+ 63. Ke5 h4 64. Ke4 h3 65. Ke5 h2 66. Ke4 h1=Q+ 67.
Ke5 Qe1+ 68. Kd4 Rd6+ 69. Kc5 Qe5+ 70. Kc4 Rd4+ 71. Kb3 Qe3+ 72. Kc2 Rd2+ 73.
Kc1 Qe1# 0-1

[Event "European Blitz 2017"]
[Site "Katowice POL"]
[Date "2017.12.15"]
[Round "6.69"]
[White "Mikrut, Dariusz"]
[Black "Kastelik, Adrian"]
[Result "1-0"]
[WhiteTitle "IM"]
[WhiteElo "2375"]
[BlackElo "2176"]
[WhiteFideId "1112791"]
[BlackFideId "1134701"]
[EventDate "2017.12.15"]
[EventType "blitz"]

1. d4 d5 2. Nf3 Nf6 3. c4 c6 4. e3 Bf5 5. Nc3 e6 6. Nh4 Bg4 7. Qb3 Qb6 8. h3 Bh5
9. g4 Bg6 10. Nxg6 hxg6 11. g5 Ng8 12. Bd2 Ne7 13. Qc2 Nf5 14. cxd5 exd5 15. Bd3
Nh4 16. O-O-O Nf3 17. e4 Nxd4 18. Qa4 Nd7 19. Be3 Bc5 20. exd5 Rh4 21. Ne4 Rc8
22. Kb1 cxd5 23. Nxc5 Rxc5 24. Bxd4 Rxd4 25. Rhe1+ Kd8 26. Qxd4 Rc1+ 27. Kxc1
Qxd4 28. Kb1 Qxf2 29. Rf1 1-0

[Event "European Blitz 2017"]
[Site "Katowice POL"]
[Date "2017.12.15"]
[Round "6.70"]
[White "Molenda, Marcin"]
[Black "Polivanov, Anatoliy"]
[Result "1-0"]
[WhiteTitle "FM"]
[BlackTitle "IM"]
[WhiteElo "2388"]
[BlackElo "2383"]
[WhiteFideId "1173065"]
[BlackFideId "14109468"]
[EventDate "2017.12.15"]
[EventType "blitz"]

1. d4 Nf6 2. c4 e6 3. Nc3 Bb4 4. Nf3 b6 5. Qc2 Bb7 6. a3 Bxc3+ 7. Qxc3 d6 8. g3
Nbd7 9. Bg2 O-O 10. O-O Ne4 11. Qc2 Rb8 12. b4 f5 13. Bb2 Qe7 14. Rfd1 Rfd8 15.
d5 c5 16. dxc6 Bxc6 17. Nd2 Ndf6 18. Bxf6 Qxf6 19. Nxe4 fxe4 20. Bxe4 Bxe4 21.
Qxe4 Rf8 22. f3 Rbd8 23. Rac1 h6 24. Rd3 Rf7 25. Rcd1 Rfd7 26. Kg2 Qf7 27. R1d2
d5 28. Qg4 dxc4 29. Rxd7 Rxd7 30. Rxd7 Qxd7 31. Qxc4 b5 32. Qd3 Qc6 33. e4 a6
34. h4 Qc1 35. Kh3 h5 36. g4 Qh1+ 37. Kg3 Qg1+ 38. Kf4 Qh2+ 39. Ke3 hxg4 40.
fxg4 Qxh4 41. Qd6 Qxg4 42. Qxa6 Qg3+ 43. Kd4 Qg1+ 44. Ke5 Qg5+ 45. Kd6 Qf4+ 46.
Kc5 Qe5+ 47. Kb6 Qd6+ 48. Kxb5 Qxa6+ 49. Kxa6 g5 50. b5 g4 51. b6 g3 52. b7 g2
53. b8=Q+ 1-0

[Event "European Blitz 2017"]
[Site "Katowice POL"]
[Date "2017.12.15"]
[Round "6.71"]
[White "Jahncke, Giso"]
[Black "Tymrakiewicz, Rafal"]
[Result "0-1"]
[WhiteTitle "FM"]
[BlackTitle "FM"]
[WhiteElo "2403"]
[BlackElo "2272"]
[WhiteFideId "24608289"]
[BlackFideId "1108832"]
[EventDate "2017.12.15"]
[EventType "blitz"]

1. Nf3 d5 2. c4 c6 3. e3 Nf6 4. Nc3 h6 5. b3 Bf5 6. Bb2 e6 7. Be2 Nbd7 8. O-O
Be7 9. Nd4 Bh7 10. f4 O-O 11. Nf3 c5 12. d3 a6 13. Rc1 d4 14. exd4 cxd4 15. Nxd4
Nc5 16. Nb1 Qd7 17. f5 Rad8 18. g4 exf5 19. Nxf5 Bxf5 20. Rxf5 Nxd3 21. Bxd3
Qxd3 22. Qxd3 Rxd3 23. g5 hxg5 24. Rxg5 Rfd8 25. Nc3 g6 26. Rg2 Bc5+ 27. Kh1 Rd2
28. Rxd2 Rxd2 29. Na4 Be7 30. Re1 Kf8 31. Bc3 Rxa2 32. Nb6 Ng4 33. Bd4 Rxh2+ 34.
Kg1 Rd2 35. Nd5 Bd6 36. Bb6 Rb2 37. c5 Bh2+ 38. Kf1 Rf2# 0-1

[Event "European Blitz 2017"]
[Site "Katowice POL"]
[Date "2017.12.15"]
[Round "6.72"]
[White "Saraci, Nderim"]
[Black "Mucha, Piotr"]
[Result "1-0"]
[WhiteTitle "FM"]
[WhiteElo "2398"]
[BlackElo "2165"]
[WhiteFideId "6351921"]
[BlackFideId "1164163"]
[EventDate "2017.12.15"]
[EventType "blitz"]

1. d4 d5 2. c4 c6 3. Nf3 Nf6 4. Nc3 dxc4 5. a4 Bf5 6. Ne5 Nbd7 7. Nxc4 Qc7 8. g3
e5 9. dxe5 Nxe5 10. Bf4 Nfd7 11. Bg2 g5 12. Bxe5 Nxe5 13. Qd4 f6 14. Nxe5 Qxe5
15. Qxe5+ fxe5 16. h4 gxh4 17. Rxh4 h5 18. O-O-O Ke7 19. Rdh1 Bg6 20. Bf3 Bh6+
21. e3 Bg5 22. R4h2 Raf8 23. Be4 Be8 24. Kd2 Bf7 25. Ke1 Be8 26. Bc2 Bf7 27. Bd1
h4 28. gxh4 Bf6 29. Ne4 Bd5 30. Bc2 Ke6 31. h5 Be7 32. Rg1 Rhg8 33. Rhg2 Rxg2
34. Rxg2 Rh8 35. Rg6+ Kf7 36. Ng5+ Bxg5 37. Rxg5 Be6 38. Rxe5 Kf6 39. Rc5 Bd5
40. Bd1 Rg8 41. f3 Rg1+ 42. Kd2 Rg2+ 43. Kc3 Rg1 44. Be2 Re1 45. Kd2 Rh1 46. e4
Be6 47. f4 Rh2 48. Ke3 Rh3+ 49. Kd4 Rh2 50. Bc4 Rxb2 51. Bxe6 Kxe6 52. Rg5 Rh2
53. f5+ Kf6 54. Rg6+ Kf7 55. h6 b5 56. Rxc6 bxa4 57. Ra6 a3 58. Rxa7+ Kf6 59.
Rxa3 1-0

[Event "European Blitz 2017"]
[Site "Katowice POL"]
[Date "2017.12.15"]
[Round "6.73"]
[White "Korolchuk, Nikolav"]
[Black "Krause, Jonah"]
[Result "1/2-1/2"]
[BlackTitle "FM"]
[WhiteElo "2226"]
[BlackElo "2368"]
[WhiteFideId "13500961"]
[BlackFideId "12907910"]
[EventDate "2017.12.15"]
[EventType "blitz"]

1. e4 c5 2. Nf3 e6 3. c3 Nf6 4. Bd3 Nc6 5. Bc2 d6 6. d4 cxd4 7. cxd4 Be7 8. Nc3
O-O 9. O-O e5 10. h3 h6 11. Be3 Bd7 12. Qd2 Re8 13. Rfd1 Rc8 14. Rac1 exd4 15.
Nxd4 Ne5 16. b3 Bf8 17. Bb1 a6 18. a4 Nc6 19. Nxc6 Bxc6 20. f3 b5 21. axb5 axb5
22. Bd4 b4 23. Ne2 Qa5 24. Bxf6 gxf6 25. Ng3 Qg5 26. Qf2 Qh4 27. Nf5 Qxf2+ 28.
Kxf2 Red8 29. Rd4 Bb5 30. Rxc8 Rxc8 31. Rxb4 Bd7 32. Ne3 d5 33. Rd4 Bc5 34. Rxd5
Be6 35. Rd3 Bb6 36. Ke2 Rc1 37. Ba2 Ra1 38. Rd2 Ba5 39. Rc2 Re1+ 40. Kf2 Ra1 41.
Nd5 Kg7 42. b4 Bd8 43. b5 f5 44. b6 Bxd5 45. Bxd5 Bxb6+ 46. Kg3 fxe4 47. fxe4
Ra7 48. Rb2 Bd4 49. Rb7 Rxb7 50. Bxb7 Kg6 51. Kf4 f6 52. Bc8 Be5+ 53. Kf3 Kg7
54. Bf5 Bc7 55. Ke2 Be5 56. Kd3 Bd6 57. Kc4 Be5 58. Kd5 Bc3 59. Ke6 Bd4 60. g4
Bc3 61. h4 Be1 62. g5 hxg5 63. h5 Bc3 64. Bg4 Be5 65. Kf5 Kh6 1/2-1/2

[Event "European Blitz 2017"]
[Site "Katowice POL"]
[Date "2017.12.15"]
[Round "6.74"]
[White "Reichmann, Hendrik"]
[Black "Herman, Jean"]
[Result "1-0"]
[WhiteTitle "FM"]
[WhiteElo "2337"]
[BlackElo "2255"]
[WhiteFideId "4647823"]
[BlackFideId "263036"]
[EventDate "2017.12.15"]
[EventType "blitz"]

1. d4 d5 2. Bf4 Nf6 3. e3 c5 4. c3 Nc6 5. Nd2 Qb6 6. Qb3 c4 7. Qc2 g6 8. b3 Bf5
9. Qb2 cxb3 10. axb3 e6 11. Ngf3 Rc8 12. Be2 Be7 13. h3 h5 14. O-O O-O 15. b4 a5
16. b5 Ra8 17. Ra2 Na7 18. Rfa1 Nc8 19. Ne5 h4 20. c4 dxc4 21. Ndxc4 Qd8 22.
Nxa5 Nd6 23. Ra4 Nd5 24. Nxb7 Nxb7 25. Rxa8 Qb6 26. Rxf8+ Bxf8 27. Ra6 Qd8 28.
Nc6 Qe8 29. Ra7 Nxf4 30. exf4 Nd6 31. Bf3 Be4 32. Bxe4 Nxe4 33. Qc2 Nd6 34. b6
Qc8 35. Ne7+ Bxe7 36. Qxc8+ Nxc8 37. Ra8 Kg7 38. Rxc8 1-0

[Event "European Blitz 2017"]
[Site "Katowice POL"]
[Date "2017.12.15"]
[Round "6.75"]
[White "Kantans, Toms"]
[Black "Montilla Carrillo, Esteban"]
[Result "1-0"]
[WhiteTitle "GM"]
[BlackTitle "FM"]
[WhiteElo "2484"]
[BlackElo "2233"]
[WhiteFideId "11602945"]
[BlackFideId "2208261"]
[EventDate "2017.12.15"]
[EventType "blitz"]

1. e4 c5 2. Nf3 d6 3. d4 cxd4 4. Nxd4 Nf6 5. Nc3 a6 6. Bg5 e6 7. f4 Be7 8. Qf3
Qc7 9. O-O-O Nbd7 10. g4 b5 11. Bxf6 Nxf6 12. g5 Nd7 13. f5 Ne5 14. Qg3 b4 15.
Nce2 Bb7 16. Bg2 Rc8 17. fxe6 fxe6 18. Nf4 Qa5 19. Kb1 O-O 20. Nfxe6 Rf7 21.
Rhf1 Rxf1 22. Rxf1 Nc4 23. Nb3 Qb6 24. Qf2 Qxf2 25. Rxf2 Ne3 26. Bf3 g6 27. h4
Kf7 28. Ned4 Kg8 29. Re2 Nc4 30. Bg4 Rf8 31. Be6+ Kh8 32. Bxc4 a5 33. a4 bxa3
34. Nxa5 Bc8 35. bxa3 Bd8 36. Nab3 Bb6 37. Ka2 Bd7 38. Nb5 Rc8 39. Nxd6 Rc6 40.
e5 Bc7 41. Bb5 1-0

[Event "European Blitz 2017"]
[Site "Katowice POL"]
[Date "2017.12.15"]
[Round "6.77"]
[White "Shkapenko, Pavel"]
[Black "Wilk, Krzysztof"]
[Result "1-0"]
[WhiteTitle "IM"]
[WhiteElo "2431"]
[BlackElo "2125"]
[WhiteFideId "4151933"]
[BlackFideId "1116193"]
[EventDate "2017.12.15"]
[EventType "blitz"]

1. e4 c6 2. d4 d5 3. e5 Bf5 4. h4 h5 5. Bd3 Bxd3 6. Qxd3 e6 7. Bg5 Be7 8. Nf3
Qa5+ 9. Nbd2 Qa6 10. c4 Nd7 11. O-O Bxg5 12. Nxg5 Ne7 13. b4 Nf5 14. b5 dxc4 15.
Qxf5 exf5 16. bxa6 b5 17. e6 fxe6 18. Nxe6 Kf7 19. Rfe1 Rhe8 20. Nf4 Nf6 21. Nf3
Kg8 22. Re5 Rxe5 23. dxe5 Ng4 24. e6 Nf6 25. Nd4 c3 26. Nxc6 Ne4 27. Rc1 1-0

[Event "European Blitz 2017"]
[Site "Katowice POL"]
[Date "2017.12.15"]
[Round "6.78"]
[White "Psyk, Radoslaw"]
[Black "Meissner, Felix"]
[Result "0-1"]
[BlackTitle "FM"]
[WhiteElo "2222"]
[BlackElo "2333"]
[WhiteFideId "1182838"]
[BlackFideId "24671827"]
[EventDate "2017.12.15"]
[EventType "blitz"]

1. f4 Nh6 2. Nf3 g6 3. e3 Bg7 4. c4 c6 5. Nc3 Nf5 6. Be2 d5 7. d4 O-O 8. O-O e6
9. Qe1 Nd7 10. g4 Nd6 11. c5 Ne4 12. Nxe4 dxe4 13. Ne5 f6 14. Nc4 e5 15. Nd6
exd4 16. exd4 Qe7 17. Bc4+ Kh8 18. Qxe4 Qxe4 19. Nxe4 f5 20. gxf5 Bxd4+ 21. Kh1
Rxf5 22. Nd6 Nxc5 23. Nxf5 Bxf5 24. h4 Rd8 25. a4 Bf6 26. Ra3 Ne4 27. Kh2 Nd2
28. Bxd2 Rxd2+ 29. Kg3 Rxb2 30. Rb3 Rxb3+ 31. Bxb3 b5 32. Rc1 Be4 33. axb5 cxb5
34. Rc8+ Kg7 35. Rc7+ Kh6 36. Bg8 Bg7 37. Rxa7 b4 38. Re7 Bc6 39. Rc7 Be4 40.
Rc4 Bf5 41. Rxb4 Bc3 42. Rb1 Bxb1 43. Be6 Kg7 44. h5 Be1+ 45. Kg4 Kf6 46. Bg8
Bf5+ 47. Kf3 gxh5 48. Kg2 h4 49. Kf3 Bg3 50. Bd5 h5 51. Bc6 Bg4+ 52. Kg2 Bxf4
53. Be8 Kg5 54. Bc6 h3+ 55. Kg1 Bg3 56. Ba8 Be6 57. Bb7 Bf5 58. Ba8 Kf4 59. Bb7
Be1 60. Kh1 Kg3 61. Ba8 Bf2 62. Bb7 Bd3 63. Ba8 Bf1 0-1

[Event "European Blitz 2017"]
[Site "Katowice POL"]
[Date "2017.12.15"]
[Round "6.79"]
[White "Bartel, Michal"]
[Black "Balazs, Ladislav"]
[Result "1-0"]
[WhiteTitle "FM"]
[WhiteElo "2360"]
[BlackElo "2110"]
[WhiteFideId "1119257"]
[BlackFideId "14931265"]
[EventDate "2017.12.15"]
[EventType "blitz"]

1. e4 c5 2. Ne2 Nc6 3. g3 d6 4. Bg2 Nf6 5. c3 g6 6. d4 cxd4 7. cxd4 Bg7 8. Nbc3
O-O 9. O-O Bd7 10. h3 a6 11. Be3 b5 12. Rc1 Rc8 13. Qd2 Qa5 14. b3 Qd8 15. g4
Ne8 16. Ng3 e5 17. Nce2 exd4 18. Nxd4 Nxd4 19. Bxd4 Be6 20. f4 Rxc1 21. Rxc1 Qh4
22. Bf2 Qe7 23. Qa5 Qf6 24. f5 Qb2 25. Rd1 Bd7 26. Qxa6 Be5 27. Qa5 Nf6 28. Qd2
Qa3 29. g5 Ne8 30. f6 Nc7 31. Ne2 Ne6 32. h4 Ra8 33. Bg3 Bxg3 34. Nxg3 Qxa2 35.
Qxa2 Rxa2 36. Rxd6 Be8 37. e5 Rb2 38. Bd5 Nf4 39. e6 Nxd5 40. Rxd5 fxe6 41. Rd8
Kf7 42. Ne4 e5 43. Nd6+ Ke6 44. Rxe8+ Kxd6 45. f7 Rb1+ 46. Kf2 Rb2+ 47. Ke1 Kd5 1-0

[Event "European Blitz 2017"]
[Site "Katowice POL"]
[Date "2017.12.15"]
[Round "6.80"]
[White "Boe, Mads"]
[Black "Kumala, Aleksander"]
[Result "1-0"]
[WhiteTitle "FM"]
[WhiteElo "2292"]
[BlackElo "2220"]
[WhiteFideId "1401408"]
[BlackFideId "1141880"]
[EventDate "2017.12.15"]
[EventType "blitz"]

1. d4 Nf6 2. Nf3 e6 3. Bg5 Be7 4. e3 Nc6 5. c3 O-O 6. Bd3 d6 7. O-O e5 8. Nbd2
Bg4 9. h3 Bxf3 10. Qxf3 h6 11. Bh4 Re8 12. Bg3 Qd7 13. Bf5 Qd8 14. b4 Bf8 15.
Rfe1 Ne7 16. Bd3 c6 17. Rad1 Ned5 18. Rc1 Nc7 19. Red1 Ne6 20. a4 Qc7 21. Bc4
Rad8 22. Bb3 Rd7 23. Nc4 e4 24. Qe2 Qd8 25. a5 d5 26. Ne5 Rde7 27. a6 Qc8 28.
axb7 Qxb7 29. Ra1 Nd7 30. Qa6 Nxe5 31. Bxe5 f6 32. Bg3 Rc8 33. Qxb7 Rxb7 34. Ra6
Nd8 35. Rda1 Ra8 36. Ba4 Rb6 37. Bb3 Rxa6 38. Rxa6 Kf7 39. b5 cxb5 40. Bxd5+ 1-0

[Event "European Blitz 2017"]
[Site "Katowice POL"]
[Date "2017.12.15"]
[Round "6.81"]
[White "Kiratzopoulos, Efthimios"]
[Black "Costachi, Mihnea"]
[Result "0-1"]
[BlackTitle "IM"]
[WhiteElo "2204"]
[BlackElo "2441"]
[WhiteFideId "4207629"]
[BlackFideId "1217518"]
[EventDate "2017.12.15"]
[EventType "blitz"]

1. d4 Nf6 2. Nf3 g6 3. Bg5 Bg7 4. Nbd2 d6 5. e4 Nbd7 6. Be2 h6 7. Bh4 c5 8. c3
b6 9. e5 dxe5 10. dxe5 Nd5 11. e6 fxe6 12. Qc2 Kf7 13. O-O-O Bb7 14. Rhe1 Qc8
15. Bg3 Rd8 16. Bd3 Nf8 17. Nc4 b5 18. Nce5+ Kg8 19. Bxg6 Nxg6 20. Qxg6 b4 21.
Qf7+ Kh7 22. c4 Nf6 23. Qxe7 Be4 24. Nf7 Re8 25. Qd6 Qb7 26. N7g5+ hxg5 27.
Nxg5+ Kg8 28. Be5 Bg6 29. Nxe6 Ne4 30. Nxg7 Nxd6 31. Bxd6 Kxg7 0-1

[Event "European Blitz 2017"]
[Site "Katowice POL"]
[Date "2017.12.15"]
[Round "6.82"]
[White "Smolka, Marcin"]
[Black "Kaleta, Blazej"]
[Result "0-1"]
[WhiteElo "2178"]
[BlackElo "2110"]
[WhiteFideId "1139681"]
[BlackFideId "1170252"]
[EventDate "2017.12.15"]
[EventType "blitz"]

1. e4 c5 2. c4 e6 3. Nc3 d6 4. Nge2 a6 5. d4 cxd4 6. Nxd4 Nf6 7. Be3 Qc7 8. Be2
b6 9. O-O Bb7 10. f3 Nbd7 11. Qd2 Be7 12. Rfd1 O-O 13. Rac1 Rac8 14. Bf1 Qb8 15.
Qf2 Bd8 16. g3 Ne5 17. b3 Bc7 18. Bh3 Rfe8 19. Nde2 Ned7 20. g4 g6 21. Bg2 Nc5
22. h4 Bd8 23. Bf4 Bc7 24. h5 Ncd7 25. Qh4 Kg7 26. Bg5 Bd8 27. e5 dxe5 28. Ng3
h6 29. Be3 g5 30. Qh2 Qa8 31. Nce4 Be7 32. Qh1 b5 33. Nd6 Bxd6 34. Rxd6 bxc4 35.
bxc4 Rc7 36. Rcd1 Rec8 37. Ne4 Nxe4 38. fxe4 Nf6 39. Rf1 Rxc4 40. Qh2 Nxg4 41.
Qg3 Nxe3 42. Qxe5+ Kg8 43. Rxf7 Rc1+ 44. Kh2 Ng4+ 45. Kh3 Nxe5 46. Re7 Bxe4 47.
Rdxe6 Bxg2+ 48. Kg3 Qf3+ 0-1